000 00552nam a22001817a 4500
005 20251108171807.0
008 250721s1992 xx 000 0 ara d
082 1 4 _aط/915.662/محم
100 1 _aالسعداوي، محمد حمزه
245 1 0 _aصنعاء و مأرب /
264 1 _aبيروت :
_bدار الكتاب اللبناني،
_c1992.
300 _a15ص
490 0 _aرحلات عصفورة في كل بلاد الدنيا ؛ 8
650 1 7 _aاليمن
650 1 7 _aوصف الرحلات
942 _2ddc
_cBK
999 _c62699
_d62699